000
00264nam a22001097a 4500
008
160623b xxu||||| |||| 00| 0 eng d
100
_9
781
_a
Hanna, M.C
245
_a
Cassie & Ike
260
_a
N.Cali
_b
John F.Blair
_c
1973
300
_a
Cassie & Ike
942
_2
ddc
_c
BK
999
_c
625
_d
625